[Event "Sao Bernardo do Campo op"]
[Site "Sao Bernardo do Campo"]
[Date "2013.05.25"]
[Round "3"]
[White "De Souza, Ricardo Ferreira"]
[Black "De Souza, Eduardo Pereira"]
[Result "0-1"]
[WhiteElo "1409"]
[BlackElo "1669"]
[PlyCount "120"]
[EventDate "2013.05.24"]
[EventType "swiss"]
[EventRounds "6"]
[EventCountry "BRA"]
[SourceTitle "CBM 154 Extra"]
[Source "ChessBase"]
[SourceDate "2013.06.25"]
[SourceVersion "2"]
[SourceVersionDate "2013.06.25"]
[SourceQuality "1"]

1. d4 d5 2. Nf3 Nf6 3. Nc3 e6 4. Bf4 Be7 5. e3 0-0 6. Bd3 Nbd7 7. Nb5 Bb4+ 8. c3 Ba5 9. Bc2 c6 10. Nd6 Bc7 11. Qd3 Bxd6 12. Bxd6 Re8 13. Ng5 g6 14. h4 Ng4 15. f4 Ndf6 16. Be5 b5 17. h5 Ne4 18. Nxe4 dxe4 19. Qxe4 f5 20. Qxc6 Nxe3 21. Bb3 Bd7 22. Qf3 Ng4 23. hxg6 Re7 24. gxh7+ Rxh7 25. Rxh7 Kxh7 26. Qh3+ Kg6 27. Qg3 Qf8 28. Bd1 Qh6 29. Bxg4 fxg4 30. Qxg4+ Kf7 31. 0-0-0 Rg8 32. Qh3 Qg6 33. Rg1 Bc6 34. g4 Be4 35. Qh5 Qxh5 36. gxh5 Rxg1+ 37. Kd2 Bf5 38. Ke3 Rh1 39. b3 Rxh5 40. c4 bxc4 41. bxc4 Rh3+ 42. Kd2 Rh2+ 43. Kc3 Rxa2 44. Kb3 Ra1 45. c5 Be4 46. Kb2 Ra5 47. Kb3 Rb5+ 48. Ka4 a6 49. Bc7 Bc6 50. Ka3 Rb7 51. Bb6 Kf6 52. Kb4 Kf5 53. Ka5 Kxf4 54. Kxa6 Rd7 55. Ba7 Rxd4 56. Kb6 Bd5 57. Kb5 Bc4+ 58. Kb6 Bd5 59. Kb5 Rd1 60. c6 Rb1+ 0-1

[Event "Sao Bernardo do Campo op"]
[Site "Sao Bernardo do Campo"]
[Date "2013.05.25"]
[Round "4"]
[White "De Souza, Ricardo Ferreira"]
[Black "Sato, Alberto Akio"]
[Result "0-1"]
[WhiteElo "1409"]
[BlackElo "1554"]
[PlyCount "112"]
[EventDate "2013.05.24"]
[EventType "swiss"]
[EventRounds "6"]
[EventCountry "BRA"]
[SourceTitle "CBM 154 Extra"]
[Source "ChessBase"]
[SourceDate "2013.06.25"]
[SourceVersion "2"]
[SourceVersionDate "2013.06.25"]
[SourceQuality "1"]

1. d4 d5 2. c4 e6 3. Nf3 Nf6 4. Nc3 Nbd7 5. Bf4 c6 6. c5 Be7 7. e3 0-0 8. h3 b6 9. b4 bxc5 10. bxc5 Qa5 11. Rc1 Ne4 12. Qc2 Bd8 13. Bd3 Ndf6 14. Ng5 Nxc3 15. Qxc3 Qxc3+ 16. Rxc3 Ba5 17. Kd2 h6 18. Nf3 Bxc3+ 19. Kxc3 Ne4+ 20. Bxe4 dxe4 21. Ne5 f6 22. Nxc6 Re8 23. Bd6 Kf7 24. Rb1 a5 25. a4 g5 26. Rb5 Kg6 27. Kb3 Bd7 28. Rb6 Bxc6 29. Rxc6 Rec8 30. Rb6 Kf7 31. Rb7+ Kg6 32. Kc4 Ra6 33. Kb5 Rcc6 34. Rb6 Raxb6+ 35. cxb6 Rxd6 36. b7 Rd8 37. Kb6 Re8 38. Kc7 Rf8 39. b8Q Rxb8 40. Kxb8 f5 41. Kb7 h5 42. Kb6 f4 43. Kxa5 h4 44. Kb5 f3 45. gxf3 exf3 46. a5 g4 47. a6 g3 48. a7 gxf2 49. a8Q f1Q+ 50. Kc6 Qc4+ 51. Kb6 Qb3+ 52. Kc7 Qc4+ 53. Kb6 Qb4+ 54. Kc7 Qe7+ 55. Kb6 Qd6+ 56. Kb5 Qd5+ 0-1

[Event "Sao Bernardo do Campo op"]
[Site "Sao Bernardo do Campo"]
[Date "2013.05.24"]
[Round "1"]
[White "De Souza, Ricardo Ferreira"]
[Black "Cadilhac, Igor Tokuichi Kikuc"]
[Result "0-1"]
[WhiteElo "1409"]
[BlackElo "2024"]
[PlyCount "66"]
[EventDate "2013.05.24"]
[EventType "swiss"]
[EventRounds "6"]
[EventCountry "BRA"]
[SourceTitle "CBM 154 Extra"]
[Source "ChessBase"]
[SourceDate "2013.06.25"]
[SourceVersion "2"]
[SourceVersionDate "2013.06.25"]
[SourceQuality "1"]

1. e4 c5 2. Nf3 d6 3. Nc3 g6 4. Bc4 Bg7 5. d4 cxd4 6. Nxd4 Nf6 7. Be3 0-0 8. Qd2 Ng4 9. h3 Nxe3 10. Qxe3 Nc6 11. Nxc6 bxc6 12. 0-0 Qb6 13. Qxb6 axb6 14. Rad1 b5 15. Bb3 Ba6 16. Rfe1 c5 17. Bd5 Rac8 18. a4 b4 19. Nb5 Bxb2 20. Re3 c4 21. c3 bxc3 22. Nxc3 Bxc3 23. Rxc3 e6 24. Bxe6 fxe6 25. Rxd6 Ra8 26. Rxe6 Rfb8 27. Rc6 Rb3 28. Rxb3 cxb3 29. Rb6 Bc4 30. Rb4 Bf7 31. Kf1 Rc8 32. a5 Ra8 33. Rb5 Bc4+ 0-1